000 00452cam a2200169 i 4500
005 20260305113021.0
008 250721s2004 xxk gr 000 0 eng d
020 _a1844132390
082 1 4 _a128
_bF A R
100 1 _aFrankl, Viktor E.
_eAuthor.
245 1 0 _aMan's Search For Meaning /
_cViktore E. Frankl
264 3 1 _bRIDER,
_c2004.
_aLondon :
300 _a154 page. .
650 1 7 _aHUMANKIND.
942 _2ddc
_cBK
999 _c147070
_d147070